000
00313nam a22001337a 4500
008
210302b ||||| |||| 00| 0 eng d
020
_a
9780131918221
041
_a
eng
080
_2
7th
_a
37
100
_a
25
101
_a
EDU
245
_a
The Prentice Hall Guide for College Writers
_c
Reid,S
942
_2
udc
_c
BK
999
_c
55489
_d
55489